000 00402 a2200145 4500
005 20250625074421.0
020 _a0-7167-4358-2
082 _a044.015 GER
100 _aGERSTING, J. L.
245 _aMathematical Structures for Computer Science
250 _a5th Ed.
260 _aNew York,
_bW. H. Freeman and Company
_c2003.
300 _axx, 719p.; ill.; table, figure
_bIndex
_c24cm
942 _2ddc
_cBKS
999 _c4942
_d4942